[Event "10th EUR-ch (w)"]
[Site "Sankt Petersburg RUS"]
[Date "2009.03.11"]
[Round "4"]
[White "Lomakina, Galia"]
[Black "Bogumil, Tatiana"]
[Result "1-0"]
[WhiteElo "2058"]
[BlackElo "2218"]
[EventDate "2009.03.08"]
[PlyCount "147"]

1.c4 Nf6 2.g3 e5 3.Bg2 d5 4.cxd5 Nxd5 5.Nc3 Nb6 6.Nf3 Nc6 7.O-O Be7 8.a3 
a5 9.b3 O-O 10.Bb2 f5 11.d3 Bf6 12.b4 a4 13.Nb5 Be6 14.Nd2 Qd7 15.Rc1 Nd5 
16.e4 Nde7 17.exf5 Bxf5 18.Ne4 Rad8 19.Nc5 Qc8 20.Qxa4 b6 21.Qb3+ Kh8 22.
Ne4 Be6 23.Qc2 Bd5 24.Nxf6 Bxg2 25.Kxg2 gxf6 26.f4 Qd7 27.Kg1 Nxb4 28.axb4
Qxb5 29.fxe5 fxe5 30.Qxc7 Ng6 31.Rf7 Rxf7 32.Qxd8+ Kg7 33.Rc8 Rf8 34.Rc7+ 
Rf7 35.Rxf7+ Kxf7 36.Qc7+ Kf6 37.Qc4 Qa4 38.d4 Qd1+ 39.Qf1+ Qxf1+ 40.Kxf1 
e4 41.d5+ Ke7 42.Bd4 Kd6 43.Bxb6 Kxd5 44.Ke2 Ne5 45.Bc5 Nc4 46.g4 Ne5 47.
h3 Nc4 48.Be3 Na3 49.g5 Ke5 50.h4 Nb5 51.Kd2 Nd6 52.h5 Kd5 53.g6 hxg6 54.
hxg6 Ke6 55.g7 Kf7 56.Bd4 Nf5 57.Be5 Ne7 58.b5 Nd5 59.Bd4 Kg8 60.Kc2 Kf7 
61.Kb3 e3 62.Kc4 e2 63.Bf2 Nc7 64.b6 Na6 65.Kd3 Kxg7 66.Kxe2 Kf6 67.Kd3 
Ke6 68.Kc4 Nb8 69.Bg3 Nc6 70.Kc5 Nd8 71.Bh4 Kd7 72.Bxd8 Kxd8 73.Kb5 Kc8 
74.Ka6 1-0

[Event "10th EUR-ch (w)"]
[Site "Sankt Petersburg RUS"]
[Date "2009.03.11"]
[Round "4"]
[White "Bezgodova, Svetlana"]
[Black "Samigullina, Diana"]
[Result "0-1"]
[WhiteElo "2214"]
[BlackElo "2084"]
[EventDate "2009.03.08"]
[PlyCount "120"]

1.Nf3 d5 2.b3 c6 3.Bb2 Bf5 4.d3 e6 5.Nbd2 Nf6 6.g3 Be7 7.Bg2 O-O 8.O-O h6 
9.c4 a5 10.a3 Bh7 11.Rc1 Nbd7 12.Rc2 Re8 13.Qa1 c5 14.cxd5 exd5 15.a4 Bf8 
16.Re1 Ra6 17.Bh3 d4 18.Ba3 g5 19.Bg2 g4 20.Nh4 Rae6 21.Rcc1 Rxe2 22.Rxe2 
Rxe2 23.Rd1 b6 24.Nc4 Qe8 25.Bf1 Re6 26.Ng2 Nd5 27.Bb2 h5 28.Ne1 f5 29.Nc2
f4 30.Nd2 fxg3 31.hxg3 Ne5 32.Ne1 h4 33.Bg2 Nf6 34.Nf1 h3 35.Bh1 h2+ 36.
Kxh2 Qh5+ 37.Kg1 Nf3+ 38.Nxf3 gxf3 39.Qc1 Nd5 40.Nh2 Rh6 41.Bxf3 Qxh2+ 42.
Kf1 Ne3+ 43.Qxe3 Qh3+ 44.Bg2 dxe3 45.Bxh3 Rxh3 46.Kg2 e2 47.Re1 Rh6 48.
Rxe2 Bxd3 49.Re3 Ba6 50.Re8 Bb7+ 51.f3 Bd5 52.Bc1 Re6 53.Rb8 Bxb3 54.g4 
Bxa4 55.f4 Re1 56.Ba3 Ra1 57.f5 Rxa3 58.g5 Bc6+ 59.Kh2 Be4 60.f6 Rb3 0-1

[Event "10th EUR-ch (w)"]
[Site "Sankt Petersburg RUS"]
[Date "2009.03.11"]
[Round "4"]
[White "Papadopoulou, Vera"]
[Black "Ziaziulkina, Nastassia"]
[Result "0-1"]
[WhiteElo "2190"]
[BlackElo "1950"]
[EventDate "2009.03.08"]
[PlyCount "186"]

1.d4 d5 2.c4 c6 3.e3 Nf6 4.Nc3 a6 5.Nf3 b5 6.b3 Bg4 7.Be2 Nbd7 8.O-O e6 9.
h3 Bh5 10.Bb2 Be7 11.Ne5 Bxe2 12.Nxe2 Nxe5 13.dxe5 Nd7 14.cxd5 cxd5 15.Nf4
O-O 16.Qg4 Kh8 17.Rfd1 Nc5 18.Rac1 a5 19.Bd4 Rc8 20.Rc2 Na6 21.Re2 Qc7 22.
Nh5 Rg8 23.f4 Bc5 24.Rc1 Qe7 25.Rec2 Rc7 26.f5 Ba3 27.Rxc7 Nxc7 28.Rc2 
exf5 29.Qxf5 Ne6 30.Qf3 Qb7 31.Ng3 Rd8 32.Nf5 Bf8 33.h4 b4 34.Qf1 Kg8 35.
Qc1 g6 36.Ng3 Qe7 37.h5 Qh4 38.Ne2 Qxh5 39.Nf4 Nxf4 40.exf4 Qg4 41.Bb6 Ra8
42.Qd2 Qe6 43.Be3 Re8 44.Rc7 Rd8 45.Qf2 Qg4 46.Rc1 h5 47.Bd4 Bh6 48.Rf1 h4
49.Bb6 Ra8 50.Qc5 Bxf4 51.Qxd5 Re8 52.Qf3 Qxf3 53.Rxf3 Bxe5 54.Bxa5 Rb8 
55.Kf1 Bg3 56.Rd3 Rb5 57.Bd8 Re5 58.Rd1 Re4 59.Bb6 g5 60.Bc5 g4 61.a4 bxa3
62.Bxa3 f5 63.Bc5 h3 64.gxh3 gxh3 65.b4 f4 66.Kg1 Re2 67.Rf1 Kf7 68.b5 Ke6
69.b6 Rb2 70.Bd4 Rb3 71.Rd1 Kf5 72.Bc5 Kg4 73.Rc1 Rb2 74.Bd4 Rb5 75.Ra1 
Bh4 76.Rf1 Rb4 77.Bc5 Rb3 78.Bd4 Rb4 79.Bc5 Rb5 80.Bd4 Rb3 81.Bc5 Bd8 82.
Rc1 Bxb6 83.Bxb6 Rxb6 84.Rc3 Rb1+ 85.Kh2 Rb2+ 86.Kh1 Re2 87.Ra3 Re3 88.Ra8
Kg3 89.Rg8+ Kf2 90.Rf8 f3 91.Kh2 Ke1 92.Kxh3 f2+ 93.Kg2 Re2 0-1

[Event "10th EUR-ch (w)"]
[Site "Sankt Petersburg RUS"]
[Date "2009.03.11"]
[Round "4"]
[White "Korchagina, Viktoria"]
[Black "Petrukhina, Irina"]
[Result "0-1"]
[WhiteElo "2187"]
[BlackElo "1905"]
[EventDate "2009.03.08"]
[PlyCount "66"]

1.e4 c5 2.Nf3 Nc6 3.d4 cxd4 4.Nxd4 g6 5.Nc3 Bg7 6.Be3 Nf6 7.Bc4 O-O 8.Bb3 
a5 9.f3 d5 10.exd5 Nb4 11.Ndb5 a4 12.Bc4 a3 13.bxa3 Nfxd5 14.axb4 Nxe3 15.
Qxd8 Rxd8 16.Bd3 Bd7 17.Rc1 Nxg2+ 18.Kf2 Nf4 19.Rhd1 Rac8 20.Be4 Bxc3 21.
Bxb7 Bxb5 22.Bxc8 Rxc8 23.Ke3 Ne2 24.Rb1 Bd4+ 25.Rxd4 Nxd4 26.Kxd4 Rxc2 
27.a3 Rxh2 28.Kc5 Rh5+ 29.Kb6 Rd5 30.Rc1 Bd7 31.Rc5 Rxc5 32.bxc5 h5 33.c6 
Bxc6 0-1

[Event "10th EUR-ch (w)"]
[Site "Sankt Petersburg RUS"]
[Date "2009.03.11"]
[Round "4"]
[White "Azimova, Karina"]
[Black "Butuc, Maria"]
[Result "1/2-1/2"]
[WhiteElo "1940"]
[BlackElo "2182"]
[EventDate "2009.03.08"]
[PlyCount "98"]

1.e4 c5 2.Nf3 a6 3.d4 cxd4 4.Nxd4 e5 5.Nf3 Nf6 6.Nc3 Bb4 7.Bd2 O-O 8.Bd3 
d5 9.Nxd5 Nxd5 10.exd5 Bxd2+ 11.Nxd2 Qxd5 12.O-O Nc6 13.Re1 h6 14.Nc4 Qc5 
15.Qh5 Re8 16.Re3 b5 17.Rg3 Kf8 18.Ne3 Nd4 19.c3 Ne6 20.Nf5 Nf4 21.Qg4 
Bxf5 22.Bxf5 g6 23.Be4 Rad8 24.Qf3 Kg7 25.h4 Qc4 26.Re1 Rd2 27.b3 Qc5 28.
h5 Nxh5 29.b4 Qb6 30.Rg4 Qf6 31.Qe3 Red8 32.a3 Rd1 33.Bf3 Rxe1+ 34.Qxe1 
Nf4 35.Be4 h5 36.Rg3 Qd6 37.Kf1 Qd1 38.Re3 Qb3 39.Bf3 Nd3 40.Qd2 Qb2 41.
Qxb2 Nxb2 42.Rxe5 Nc4 43.Re1 Rd3 44.Rc1 Rd6 45.a4 Re6 46.Rc2 Rf6 47.Ke2 
Re6+ 48.Kf1 Rf6 49.Ke2 Re6+ 1/2-1/2

[Event "10th EUR-ch (w)"]
[Site "Sankt Petersburg RUS"]
[Date "2009.03.11"]
[Round "4"]
[White "Stiazhkina, Anna"]
[Black "Mammadova, Gulnar"]
[Result "0-1"]
[WhiteElo "1926"]
[BlackElo "2175"]
[EventDate "2009.03.08"]
[PlyCount "72"]

1.e4 d6 2.d4 Nf6 3.Nc3 g6 4.Be3 Bg7 5.Qd2 c6 6.f3 Nbd7 7.g4 b5 8.g5 Nh5 9.
f4 Nb6 10.d5 b4 11.Nd1 cxd5 12.exd5 Bb7 13.Bb5+ Kf8 14.Be2 Nxd5 15.Bf3 
Nxe3 16.Bxb7 Nxd1 17.Rxd1 Rb8 18.Bf3 Bxb2 19.Ne2 Ng7 20.O-O Nf5 21.Kh1 a5 
22.Be4 a4 23.Bxf5 gxf5 24.Nd4 Qd7 25.Nf3 Rb6 26.Qe3 Qb7 27.Rb1 a3 28.Rbe1 
e6 29.Rd1 Ke7 30.Kg1 Rc8 31.Nd4 Bxd4 32.Qxd4 Rxc2 33.Rf2 Rxf2 34.Kxf2 Rc6 
35.Ke1 Qb6 36.Qd2 Qg1+ 0-1

[Event "10th EUR-ch (w)"]
[Site "Sankt Petersburg RUS"]
[Date "2009.03.11"]
[Round "4"]
[White "Zainullina, Natalia"]
[Black "Khokhlova, Ekaterina"]
[Result "1-0"]
[WhiteElo "2173"]
[BlackElo "1822"]
[EventDate "2009.03.08"]
[PlyCount "74"]

1.e4 c5 2.Nc3 e6 3.g3 Nc6 4.Bg2 g6 5.d3 Bg7 6.Be3 d6 7.Qd2 Nge7 8.Bh6 O-O 
9.h4 Re8 10.h5 Bh8 11.hxg6 Nxg6 12.O-O-O Qa5 13.Kb1 Qb4 14.Nge2 Nd4 15.Qc1
Nxe2 16.Nxe2 a5 17.Bd2 Qb6 18.Bc3 e5 19.Qh6 Nf8 20.Bh3 Bg7 21.Qh4 Bxh3 22.
Qxh3 Re6 23.f4 Qd8 24.f5 Rh6 25.Qg4 Rxh1 26.Rxh1 f6 27.Bd2 b5 28.Nc3 b4 
29.Nd5 Ra7 30.Qh4 a4 31.g4 b3 32.cxb3 axb3 33.a3 Rb7 34.g5 Rf7 35.Rg1 fxg5
36.Bxg5 Qa5 37.Ne7+ Kh8 1-0

[Event "10th EUR-ch (w)"]
[Site "Sankt Petersburg RUS"]
[Date "2009.03.11"]
[Round "4"]
[White "Mednikova, Svetlana"]
[Black "Grigorieva, Olga"]
[Result "1-0"]
[WhiteElo "2160"]
[BlackElo "2016"]
[EventDate "2009.03.08"]
[PlyCount "143"]

1.e4 d5 2.exd5 Qxd5 3.Nc3 Qa5 4.d4 c6 5.Nf3 Nf6 6.Bc4 Bg4 7.h3 Bh5 8.g4 
Bg6 9.Ne5 e6 10.h4 Nbd7 11.Nxd7 Nxd7 12.h5 Be4 13.Rh3 Bd5 14.Bxd5 cxd5 15.
Bf4 Nb6 16.Bc7 Rc8 17.Bxb6 Qxb6 18.Na4 Qa5+ 19.c3 Qc7 20.b4 b6 21.Nb2 h6 
22.Qa4+ Qd7 23.Qxd7+ Kxd7 24.Nd3 Bd6 25.Kd2 Rc7 26.f4 Rhc8 27.Ne5+ Bxe5 
28.fxe5 f6 29.Re1 fxe5 30.Rxe5 Rf8 31.Ke2 Kd6 32.Rhe3 Rf6 33.Kd3 b5 34.g5 
hxg5 35.Rxg5 Rcf7 36.Rge5 Re7 37.Kc2 Rf5 38.Kb3 Kd7 39.a4 a6 40.Re1 Rf3 
41.axb5 axb5 42.Ra1 Ke8 43.Ra6 Kf7 44.Rc6 Re8 45.Rg5 Re7 46.Rg2 Rf5 47.Rh2
e5 48.dxe5 Rexe5 49.h6 gxh6 50.Rhxh6 Re3 51.Rh7+ Kg8 52.Rd7 Ree5 53.Rc8+ 
Rf8 54.Rxf8+ Kxf8 55.Rb7 Ke8 56.Rxb5 Kd7 57.Rc5 Kd6 58.Ka4 Re8 59.Ka5 Ra8+
60.Kb6 Rb8+ 61.Ka7 Re8 62.Kb7 Re7+ 63.Kb6 Re3 64.Rc6+ Kd7 65.b5 Rd3 66.Kb7
Rd1 67.b6 Rc1 68.Rc7+ Kd8 69.Rc5 Rd1 70.Kc6 Kc8 71.Rxd5 Rb1 72.Rh5 1-0

[Event "10th EUR-ch (w)"]
[Site "Sankt Petersburg RUS"]
[Date "2009.03.11"]
[Round "4"]
[White "Della-Rossa, Anastasia"]
[Black "Zykova, Antonina"]
[Result "1/2-1/2"]
[WhiteElo "1868"]
[BlackElo "2103"]
[EventDate "2009.03.08"]
[PlyCount "93"]

1.e4 c5 2.Nc3 Nc6 3.g3 g6 4.Bg2 Bg7 5.d3 e6 6.Be3 d6 7.f4 Nge7 8.Nf3 Nd4 
9.O-O O-O 10.Rb1 b6 11.Ne2 Nxf3+ 12.Bxf3 Bb7 13.c3 f5 14.Qc2 Qc7 15.Qb3 
Qd7 16.Rf2 Kh8 17.Bg2 Rae8 18.Qc2 e5 19.fxe5 dxe5 20.Bh3 Qc6 21.Rbf1 c4 
22.Bg2 cxd3 23.Qxd3 fxe4 24.Rxf8+ Bxf8 25.Qc2 Nf5 26.Bg5 h6 27.Bc1 Rd8 28.
Kh1 Bc5 29.Qb3 Ba6 30.Qc2 Bd3 31.Qd1 Rd7 32.Qe1 Qb5 33.c4 Qxc4 34.b3 Qa6 
35.Qc3 Nd4 36.Qd2 g5 37.Rf6 Bxe2 38.Rxh6+ Rh7 39.Qxg5 Qb7 40.Qxe5+ Kg8 41.
Rg6+ Rg7 42.Qe8+ Bf8 43.Bb2 Rxg6 44.Qxg6+ Bg7 45.Qe8+ Kh7 46.Qh5+ Kg8 47.
Qe8+ 1/2-1/2

[Event "10th EUR-ch (w)"]
[Site "Sankt Petersburg RUS"]
[Date "2009.03.11"]
[Round "4"]
[White "Efremova, Daria"]
[Black "Ryanova, Valeria"]
[Result "0-1"]
[WhiteElo "1910"]
[BlackElo "2113"]
[EventDate "2009.03.08"]
[PlyCount "94"]

1.e4 c5 2.Nf3 d6 3.d4 cxd4 4.Nxd4 Nf6 5.Nc3 g6 6.Be3 Bg7 7.f3 O-O 8.Qd2 
Nc6 9.Bc4 Bd7 10.O-O-O Rc8 11.Bb3 Ne5 12.Kb1 Nc4 13.Bxc4 Rxc4 14.g4 Qb8 
15.Nb3 Be6 16.Nd5 Bxd5 17.exd5 Rfc8 18.c3 b5 19.Bh6 Bh8 20.h4 b4 21.cxb4 
Rc2 22.Qxc2 Rxc2 23.Kxc2 Qxb4 24.Rd4 Qb5 25.Rhd1 Nd7 26.Re4 Ne5 27.Rdd4 f5
28.a4 Qb6 29.Re3 Nf7 30.Rxe7 Qd8 31.Rxf7 Kxf7 32.Rc4 Qb6 33.Rc6 Qf2+ 34.
Bd2 Be5 35.Rc7+ Ke8 36.gxf5 Qxf3 37.Rxa7 Qxf5+ 38.Kd1 Bxb2 39.Ra8+ Kd7 40.
Ra7+ Kc8 41.Rxh7 Qxd5 42.Kc2 Be5 43.Na5 Qa2+ 44.Kd3 Qxa4 45.h5 Qd4+ 46.Kc2
Qe4+ 47.Kc1 Qh1+ 0-1

[Event "10th EUR-ch (w)"]
[Site "Sankt Petersburg RUS"]
[Date "2009.03.11"]
[Round "4"]
[White "Tskhadadze, Anna"]
[Black "Ikonomopoulou, Maria"]
[Result "1/2-1/2"]
[WhiteElo "1821"]
[BlackElo "2052"]
[EventDate "2009.03.08"]
[PlyCount "109"]

1.d4 Nf6 2.c4 e6 3.Nc3 Bb4 4.a3 Bxc3+ 5.bxc3 b6 6.Nf3 Nc6 7.e3 Ba6 8.Bd3 
Na5 9.Qe2 d6 10.O-O Nd7 11.Rb1 e5 12.Nd2 O-O 13.f4 Qe7 14.Rf3 Rae8 15.fxe5
g6 16.exd6 cxd6 17.Nf1 f5 18.a4 Qe6 19.Rb4 Nf6 20.Nd2 Re7 21.Nb1 Rc8 22.
Na3 Ne4 23.Bb2 Rec7 24.Nb5 Bxb5 25.axb5 Nxc4 26.Bxc4 Rxc4 27.Rxc4 Qxc4 28.
Qxc4+ Rxc4 29.Rf1 Nxc3 30.Bxc3 Rxc3 31.Ra1 Rc7 32.Kf2 Kf7 33.Kf3 Ke6 34.
Kf4 Kd5 35.Ra4 Re7 36.Kf3 h6 37.Kf4 Rf7 38.Kf3 g5 39.g3 Re7 40.Rb4 Re4 41.
Ra4 Re7 42.Rb4 Rc7 43.Ra4 Ke6 44.Ra2 d5 45.Ra3 Kd7 46.Ra2 h5 47.Kg2 Kc8 
48.Rf2 Rf7 49.h3 Kd7 50.Ra2 Kd6 51.Rf2 Ke6 52.Re2 Rc7 53.Ra2 Rf7 54.Rf2 
Kd6 55.Rf1 1/2-1/2

[Event "10th EUR-ch (w)"]
[Site "Sankt Petersburg RUS"]
[Date "2009.03.11"]
[Round "4"]
[White "Ovod, Irina"]
[Black "Abuladze, Lana"]
[Result "0-1"]
[WhiteElo "1777"]
[BlackElo "2029"]
[EventDate "2009.03.08"]
[PlyCount "96"]

1.Nf3 Nf6 2.g3 g6 3.Bg2 Bg7 4.O-O d6 5.d3 O-O 6.Nbd2 Nc6 7.Nb3 Bd7 8.c3 
Qc8 9.Re1 e5 10.e4 Nh5 11.Nh4 Ne7 12.Bf3 Nf6 13.Be2 Ne8 14.g4 a5 15.Be3 
Bf6 16.Ng2 Bg7 17.Nd2 f5 18.exf5 gxf5 19.f3 fxg4 20.fxg4 Nf6 21.h3 Ng6 22.
Nf1 Nd5 23.Qd2 Nxe3 24.Qxe3 Bc6 25.Nh2 Bxg2 26.Kxg2 Nf4+ 27.Kg1 Qe6 28.Bf1
Rf7 29.Nf3 Qf6 30.g5 Qf5 31.Kh2 Nd5 32.Nh4 Nxe3 33.Nxf5 Nxf5 34.Bg2 c6 35.
Re2 Raf8 36.Rae1 Nh4 37.Be4 d5 38.Bh1 Nf3+ 39.Bxf3 Rxf3 40.Re3 Rxe3 41.
Rxe3 Rf2+ 42.Kg3 Rxb2 43.h4 Rc2 44.h5 Rxc3 45.h6 e4 46.hxg7 Rxd3 47.Kf4 
Rxe3 48.Kxe3 Kxg7 0-1

[Event "10th EUR-ch (w)"]
[Site "Sankt Petersburg RUS"]
[Date "2009.03.11"]
[Round "4"]
[White "Bakalarz, Grazyna"]
[Black "Chetina, Elizaveta"]
[Result "1/2-1/2"]
[WhiteElo "2024"]
[BlackElo "1646"]
[EventDate "2009.03.08"]
[PlyCount "83"]

1.d4 Nf6 2.Bf4 d5 3.e3 e6 4.Nf3 c6 5.c3 Bd6 6.Nbd2 Bxf4 7.exf4 O-O 8.Bd3 
h6 9.O-O Nbd7 10.Ne5 c5 11.Ndf3 Qc7 12.Re1 b6 13.g3 Bb7 14.Nxd7 Nxd7 15.
Qe2 Rfe8 16.Rad1 Rad8 17.Bb1 Nf6 18.Ne5 Ne4 19.Qc2 f5 20.Qe2 Qe7 21.f3 Nd6
22.a4 Qf6 23.Qf2 c4 24.Re3 Nf7 25.Rde1 Nxe5 26.Rxe5 Bc6 27.Bc2 Rb8 28.Qe3 
Qf7 29.b4 a6 30.Re2 g6 31.g4 Bd7 32.Qf2 Rf8 33.Qg3 a5 34.b5 Rbd8 35.h4 h5 
36.g5 Qe7 37.Qe1 Qa3 38.Qd2 Rfe8 39.Re1 Rc8 40.R5e2 Qd6 41.Kg2 Rb8 42.Qe3 
1/2-1/2

[Event "10th EUR-ch (w)"]
[Site "Sankt Petersburg RUS"]
[Date "2009.03.12"]
[Round "5"]
[White "Dzagnidze, Nana"]
[Black "Melia, Salome"]
[Result "0-1"]
[WhiteElo "2518"]
[BlackElo "2422"]
[EventDate "2009.03.08"]
[PlyCount "106"]

1.d4 d5 2.Nf3 Nf6 3.Bf4 e6 4.e3 c5 5.c3 Nc6 6.Nbd2 Bd6 7.Ne5 Qc7 8.Ndf3 
Nd7 9.Nd3 b6 10.g3 O-O 11.Bg2 Bb7 12.O-O Rad8 13.Qc2 h6 14.Rfd1 Qb8 15.Rd2
c4 16.Bxd6 Qxd6 17.Nf4 Nf6 18.b4 g5 19.Ne2 Ne4 20.Rdd1 f5 21.b5 Nb8 22.Ne5
Nd7 23.f3 Nef6 24.f4 Ne4 25.Bxe4 fxe4 26.a4 Nf6 27.a5 g4 28.axb6 axb6 29.
Ra7 Bc8 30.Rda1 Bd7 31.Qb2 Rb8 32.Nc1 h5 33.R1a6 Rfc8 34.Nxd7 Nxd7 35.Qa3 
Qxa3 36.Rxa3 Nf6 37.Na2 Ne8 38.Nb4 Nd6 39.Nc6 Nxb5 40.Ne7+ Kf8 41.Nxc8 
Nxa3 42.Nd6 Nc2 43.Kf2 b5 44.Nb7 b4 45.Nc5 Re8 46.Nd7+ Kf7 47.Ne5+ Kg8 48.
cxb4 Nxb4 49.Ke2 Nd3 50.Nc6 c3 51.Ne5 c2 52.Nxd3 exd3+ 53.Kd2 Rb8 0-1

[Event "10th EUR-ch (w)"]
[Site "Sankt Petersburg RUS"]
[Date "2009.03.12"]
[Round "5"]
[White "Kovalevskaya, Ekaterina"]
[Black "Foisor, Cristina"]
[Result "1/2-1/2"]
[WhiteElo "2442"]
[BlackElo "2412"]
[EventDate "2009.03.08"]
[PlyCount "120"]

1.c4 g6 2.Nf3 Bg7 3.Nc3 d6 4.d4 e5 5.dxe5 dxe5 6.Qxd8+ Kxd8 7.e4 f6 8.Be3 
Be6 9.O-O-O+ Nd7 10.Ne1 Bh6 11.Nc2 Bxe3+ 12.Nxe3 Ne7 13.g3 Nc6 14.Nc2 a5 
15.h4 Kc8 16.h5 g5 17.Be2 Nc5 18.Rhf1 Bh3 19.Rfe1 Be6 20.b3 b6 21.f4 Kb7 
22.f5 Bf7 23.Bf3 Nb4 24.Be2 Rhd8 25.Rxd8 Rxd8 26.Rd1 Rxd1+ 27.Kxd1 Nxc2 
28.Kxc2 h6 29.Kd2 Kc6 30.Ke3 Kd6 31.Kd2 Nb7 32.Nd1 Kc5 33.Kc3 Nd8 34.a3 
Nc6 35.Ne3 Nd4 36.b4+ axb4+ 37.axb4+ Kd6 38.Bd1 c6 39.Nf1 Be8 40.Ne3 Bf7 
41.Kd2 c5 42.bxc5+ Kxc5 43.Ng4 Bxh5 44.Nxf6 Bxd1 45.Kxd1 Kxc4 46.Kd2 Nb3+ 
47.Ke3 Nc5 48.Ne8 Nd7 49.f6 b5 50.f7 b4 51.Nf6 Nf8 52.Ng4 b3 53.Nxe5+ Kc3 
54.Nd3 h5 55.e5 h4 56.gxh4 gxh4 57.Nc5 b2 58.Na4+ Kb3 59.Nxb2 Kxb2 60.Kf3 
Kc3 1/2-1/2

[Event "10th EUR-ch (w)"]
[Site "Sankt Petersburg RUS"]
[Date "2009.03.12"]
[Round "5"]
[White "Gvetadze, Sopio"]
[Black "Arakhamia-Grant, Ketevan"]
[Result "0-1"]
[WhiteElo "2377"]
[BlackElo "2500"]
[EventDate "2009.03.08"]
[PlyCount "100"]

1.e4 c5 2.Nf3 e6 3.c4 b6 4.Nc3 Bb7 5.Be2 d6 6.d4 cxd4 7.Nxd4 Nf6 8.f3 Be7 
9.O-O O-O 10.Be3 Nbd7 11.Qd2 a6 12.a4 Ne5 13.Rfd1 Rc8 14.a5 Nxc4 15.Bxc4 
Rxc4 16.axb6 d5 17.Nb3 Rb4 18.Nc5 d4 19.N3a4 Rxa4 20.Nxa4 dxe3 21.Qxe3 Qb8
22.Rac1 Bd6 23.g3 Bxg3 24.hxg3 Qxg3+ 25.Kf1 Ng4 26.Qd4 Qxf3+ 27.Ke1 e5 28.
Qc5 Qxe4+ 29.Kd2 Qxa4 30.Kc3 h5 31.b3 Qe4 32.Kb2 h4 33.Qe7 Nf6 34.Rd8 Rxd8
35.Qxd8+ Kh7 36.Rc7 Qg2+ 37.Ka3 Bd5 38.Qe7 Qf3 39.Qb4 Qe4 40.Qd2 h3 41.Rc3
Be6 42.Qf2 a5 43.Qg3 Qb4+ 44.Kb2 Qxb6 45.Qxe5 a4 46.Qg5 axb3 47.Rd3 Qb4 
48.Qe5 Qe4 49.Qd6 Qe2+ 50.Rd2 Ne4 0-1

[Event "10th EUR-ch (w)"]
[Site "Sankt Petersburg RUS"]
[Date "2009.03.12"]
[Round "5"]
[White "Grabuzova, Tatiana"]
[Black "Lomineishvili, Maia"]
[Result "1/2-1/2"]
[WhiteElo "2332"]
[BlackElo "2437"]
[EventDate "2009.03.08"]
[PlyCount "180"]

1.d4 Nf6 2.c4 e6 3.g3 Bb4+ 4.Bd2 Be7 5.Bg2 d5 6.Nf3 O-O 7.O-O c6 8.Qc2 b6 
9.Bf4 Ba6 10.b3 Nbd7 11.Rd1 Rc8 12.Nc3 Qe8 13.e4 dxc4 14.Nd2 e5 15.dxe5 
Ng4 16.Nxc4 Bxc4 17.bxc4 Bc5 18.Rf1 Ndxe5 19.Nd1 Qe6 20.h3 Nf6 21.Be3 Nxc4
22.Bxc5 bxc5 23.Rc1 Nd6 24.Re1 Nb5 25.Qxc5 Qxa2 26.Nc3 Nxc3 27.Rxc3 Rfe8 
28.Ra3 Qd2 29.Rb1 Nxe4 30.Bxe4 Rxe4 31.Qf5 Re1+ 32.Kg2 Rf8 33.Rxe1 Qxe1 
34.Rxa7 g6 35.Qf3 Qe6 36.h4 h5 37.Qc3 Qd5+ 38.Kh2 Rc8 39.Ra4 Rb8 40.Rd4 
Qe6 41.Rc4 Rc8 42.Rc5 Qe4 43.Re5 Qg4 44.Rc5 Qe2 45.Qf6 Qe4 46.Qc3 Qe6 47.
Re5 Qd6 48.Rc5 Qc7 49.Qf6 Qd7 50.Qc3 Qd6 51.Kg2 Kh7 52.Kh2 Rc7 53.Kg2 Qe6 
54.Re5 Qd7 55.Rc5 Qe8 56.Kh2 Qh8 57.Qf3 Qd4 58.Rxc6 Rxc6 59.Qxc6 Qxf2+ 60.
Kh3 Kg7 61.Qc3+ Qf6 62.Qd2 Qe5 63.Kh2 Qf5 64.Qd4+ Qf6 65.Qd2 Qe6 66.Qd4+ 
Kh7 67.Qd2 f6 68.Kg2 Qe7 69.Kh2 Kg7 70.Kg2 Qe6 71.Kh2 Qf5 72.Qd8 Qf2+ 73.
Kh3 Qf1+ 74.Kh2 Qe2+ 75.Kg1 Qe3+ 76.Kg2 g5 77.hxg5 Qxg5 78.Qe7+ Kh6 79.
Qf8+ Qg7 80.Qb4 Qg4 81.Qf8+ Qg7 82.Qb4 Qf7 83.Qd2+ Kg7 84.Qd4 Qe6 85.Qd8 
h4 86.Qc7+ Kg6 87.gxh4 Kh5 88.Qh7+ Kg4 89.Qg6+ Kf4 90.Qg3+ Kf5 1/2-1/2

[Event "10th EUR-ch (w)"]
[Site "Sankt Petersburg RUS"]
[Date "2009.03.12"]
[Round "5"]
[White "Ovod, Evgenia"]
[Black "Gritsaeva, Oksana"]
[Result "1-0"]
[WhiteElo "2430"]
[BlackElo "2341"]
[EventDate "2009.03.08"]
[PlyCount "75"]

1.d4 Nf6 2.c4 c5 3.d5 e6 4.Nc3 exd5 5.cxd5 d6 6.e4 g6 7.f4 Bg7 8.Bb5+ Nfd7
9.Nf3 O-O 10.O-O a6 11.Bd3 Qc7 12.a4 c4 13.Bc2 Re8 14.Be3 Nc5 15.Bd4 Bh6 
16.Qe1 Nbd7 17.Qh4 Bg7 18.Bxg7 Kxg7 19.e5 Qd8 20.Qg3 Qb6 21.Kh1 f6 22.e6 
Nf8 23.f5 Qxb2 24.Nd4 Nd3 25.fxg6 Nxg6 26.Nf5+ Kh8 27.Bxd3 Qxc3 28.Nxd6 
cxd3 29.Nxe8 Bxe6 30.Nc7 Rg8 31.Nxe6 Ne5 32.Qf4 Nd7 33.Rad1 Rg6 34.Qd2 Qc4
35.Qxd3 Qxa4 36.Rc1 Rg8 37.Rc7 a5 38.g3 1-0

[Event "10th EUR-ch (w)"]
[Site "Sankt Petersburg RUS"]
[Date "2009.03.12"]
[Round "5"]
[White "Shumiakina, Tatiana"]
[Black "Khukhashvili, Sopiko"]
[Result "1/2-1/2"]
[WhiteElo "2324"]
[BlackElo "2416"]
[EventDate "2009.03.08"]
[PlyCount "51"]

1.Nf3 d6 2.d4 Bg4 3.c4 Nd7 4.Qb3 Rb8 5.h3 Bxf3 6.Qxf3 g6 7.Nc3 Bg7 8.Qd3 
c5 9.dxc5 Nxc5 10.Qc2 Nf6 11.e3 O-O 12.Be2 Rc8 13.O-O Ncd7 14.Rd1 Qa5 15.
Bd2 d5 16.cxd5 Nxd5 17.Nxd5 Qxd5 18.Bc3 Qc6 19.Qb3 Bxc3 20.Bb5 Nc5 21.Bxc6
Nxb3 22.axb3 Bxb2 23.Bxb7 Rc7 24.Ra2 Rxb7 25.Rxb2 Rfb8 26.Ra1 1/2-1/2

[Event "10th EUR-ch (w)"]
[Site "Sankt Petersburg RUS"]
[Date "2009.03.12"]
[Round "5"]
[White "Kovanova, Baira"]
[Black "Solovyova, Valentina"]
[Result "1-0"]
[WhiteElo "2386"]
[BlackElo "2324"]
[EventDate "2009.03.08"]
[PlyCount "87"]

1.e4 c6 2.Nc3 d5 3.Nf3 Bg4 4.Be2 e6 5.d4 Nf6 6.e5 Nfd7 7.Ng5 Bxe2 8.Qxe2 
Be7 9.Qh5 Bxg5 10.Bxg5 Qb6 11.O-O-O c5 12.dxc5 Qxc5 13.Be3 Qc6 14.Rhe1 Na6
15.Qg5 O-O 16.Qh5 f6 17.exf6 Nxf6 18.Qe5 Ng4 19.Qg3 Nxe3 20.Qxe3 Nc7 21.f4
b5 22.Ne2 Qd6 23.g3 a5 24.Nd4 Ra6 25.Qd3 Qc5 26.Re5 g6 27.Rde1 Rf6 28.h4 
Qc4 29.Qxc4 bxc4 30.b3 cxb3 31.cxb3 Rb6 32.Kb2 a4 33.Rc1 Na6 34.Rc8+ Kf7 
35.Re3 Ke7 36.Rec3 axb3 37.axb3 Nb4 38.Nf3 Rf8 39.R8c7+ Kf6 40.g4 Rf7 41.
Ne5 Rxc7 42.Rxc7 Nd3+ 43.Nxd3 h5 44.Ne5 1-0

[Event "10th EUR-ch (w)"]
[Site "Sankt Petersburg RUS"]
[Date "2009.03.12"]
[Round "5"]
[White "Ilyushina, Olga"]
[Black "Stepovaya, Tatiana"]
[Result "1/2-1/2"]
[WhiteElo "2269"]
[BlackElo "2379"]
[EventDate "2009.03.08"]
[PlyCount "104"]

1.Nf3 f5 2.e4 fxe4 3.Ng5 Nf6 4.d3 e3 5.Bxe3 e6 6.d4 Be7 7.Bd3 O-O 8.Nd2 h6
9.Nh3 Nc6 10.Nf3 d5 11.c3 Ng4 12.Nf4 e5 13.dxe5 Ncxe5 14.Nxe5 Nxe5 15.Nxd5
Bd6 16.Be2 Bf5 17.Qd2 c6 18.Rd1 Qe8 19.Nf4 Rd8 20.Qc1 Ng4 21.Rxd6 Rxd6 22.
Bc5 Qd7 23.Bxd6 Qxd6 24.O-O g5 25.h3 Ne5 26.Nh5 Qe6 27.Qe3 Ng6 28.Qxe6+ 
Bxe6 29.b3 Kf7 30.f4 Ke7 31.fxg5 Rxf1+ 32.Kxf1 hxg5 33.Ng7 Bd5 34.Nf5+ Kf6
35.Nd6 b5 36.c4 bxc4 37.Bxc4 Ke5 38.Bxd5 cxd5 39.Nb5 a6 40.Nc7 a5 41.b4 
axb4 42.Na6 b3 43.axb3 Kd4 44.b4 Kc4 45.Nc7 Nf4 46.b5 Kc5 47.g3 Nxh3 48.b6
Kxb6 49.Nxd5+ Kc5 50.Nf6 Kd6 51.Kg2 Nf4+ 52.Kf3 Ke5 1/2-1/2

[Event "10th EUR-ch (w)"]
[Site "Sankt Petersburg RUS"]
[Date "2009.03.12"]
[Round "5"]
[White "Pahtz, Elisabeth"]
[Black "Zakurdyaeva, Irina"]
[Result "1-0"]
[WhiteElo "2455"]
[BlackElo "2295"]
[EventDate "2009.03.08"]
[PlyCount "73"]

1.e4 c5 2.Nf3 e6 3.c3 Nc6 4.d4 d5 5.exd5 exd5 6.Bb5 Bd6 7.dxc5 Bxc5 8.O-O 
Ne7 9.Nbd2 O-O 10.Nb3 Bd6 11.Bd3 h6 12.h3 Re8 13.Re1 Bc7 14.Bc2 Qd6 15.Be3
Bf5 16.Bc5 Qd7 17.Bxe7 Nxe7 18.Nbd4 Bxc2 19.Qxc2 a6 20.Rad1 g6 21.Qd2 Kh7 
22.Ne5 Qd6 23.Ndf3 Kg7 24.c4 Rad8 25.Ng4 Nf5 26.cxd5 h5 27.Qc3+ f6 28.Nxf6
Qxf6 29.Qxc7+ Qf7 30.Qc3+ Qf6 31.Qb3 Re7 32.Rxe7+ Qxe7 33.Re1 Qd7 34.Ng5 
Rc8 35.Ne6+ Kf6 36.g4 Nd6 37.Qf3+ 1-0

[Event "10th EUR-ch (w)"]
[Site "Sankt Petersburg RUS"]
[Date "2009.03.12"]
[Round "5"]
[White "Bulmaga, Irina"]
[Black "Romanko, Marina"]
[Result "0-1"]
[WhiteElo "2300"]
[BlackElo "2451"]
[EventDate "2009.03.08"]
[PlyCount "88"]

1.e4 c5 2.Nf3 d6 3.d4 cxd4 4.Nxd4 Nf6 5.Nc3 a6 6.Be2 e5 7.Nb3 Be7 8.O-O 
O-O 9.Be3 Be6 10.Qd2 Nbd7 11.a4 Nb6 12.a5 Nc4 13.Bxc4 Bxc4 14.Rfd1 h6 15.
f3 Qe8 16.Nc1 Rd8 17.Bb6 Rd7 18.Nd3 Bd8 19.Bf2 Nh5 20.Nb4 Be6 21.Nbd5 f5 
22.Bb6 fxe4 23.fxe4 Bg5 24.Qe2 Qg6 25.Rf1 Bf4 26.Rf2 Rdf7 27.Qd3 Qg5 28.
Nxf4 Nxf4 29.Qg3 Qh5 30.Be3 Nh3+ 31.gxh3 Rf3 32.Rxf3 Rxf3 33.Qe1 Bxh3 34.
Bf2 Qg4+ 35.Bg3 h5 36.Qd2 h4 37.Ne2 Qxe4 38.Nc3 Qf5 39.Qd5+ Kh8 40.Qc4 
hxg3 41.Qh4+ Kg8 42.Qd8+ Kh7 43.Qh4+ Kg6 44.Qe4 g2 0-1

[Event "10th EUR-ch (w)"]
[Site "Sankt Petersburg RUS"]
[Date "2009.03.12"]
[Round "5"]
[White "Gaponenko, Inna"]
[Black "Savina, Anastasia"]
[Result "1/2-1/2"]
[WhiteElo "2450"]
[BlackElo "2297"]
[EventDate "2009.03.08"]
[PlyCount "102"]

1.e4 c5 2.Nf3 Nc6 3.c3 Nf6 4.e5 Nd5 5.Bc4 Nb6 6.Bb3 d5 7.exd6 Qxd6 8.O-O 
c4 9.Bc2 Bg4 10.Qe2 Qe6 11.Qxe6 Bxe6 12.Ng5 Bd5 13.Nxh7 Rxh7 14.Bxh7 g6 
15.d4 Nd7 16.Bg5 Bg7 17.h4 Nf6 18.Bxf6 Bxf6 19.h5 Kf8 20.hxg6 Kg7 21.gxf7 
Kxh7 22.Nd2 Kg7 23.Rfe1 Kxf7 24.Ne4 Rg8 25.Re3 Nd8 26.Rae1 Ne6 27.Nxf6 
Kxf6 28.Rg3 Rxg3 29.fxg3 Ng5 30.Rf1+ Kg6 31.Rf8 Ne4 32.Kh2 Kg5 33.Rd8 Nf6 
34.Rb8 Ng4+ 35.Kg1 Ne5 36.b3 Kg4 37.bxc4 Nxc4 38.Re8 e6 39.Kf2 Nb2 40.Rg8+
Kf5 41.g4+ Kf6 42.Kg3 Nd1 43.g5+ Kf7 44.Rc8 Ne3 45.Kh4 Kg6 46.g4 Ng2+ 47.
Kg3 Ne3 48.Rg8+ Kf7 49.Rc8 Kg6 50.Rg8+ Kf7 51.Rc8 Kg6 1/2-1/2